<?xml version='1.0' encoding='UTF-8'?>
  <record xmlns="http://www.loc.gov/MARC21/slim">
    <leader>00000nem a2200000 i 4500</leader>
    <controlfield tag="001">ocn980571411</controlfield>
    <controlfield tag="003">OCoLC</controlfield>
    <controlfield tag="005">20250830024352.5</controlfield>
    <controlfield tag="008">110210s1760    fr        a     0   fre d</controlfield>
    <datafield tag="040" ind1=" " ind2=" ">
      <subfield code="a">QGJ</subfield>
      <subfield code="b">dut</subfield>
      <subfield code="c">QGJ</subfield>
      <subfield code="d">OCLCO</subfield>
      <subfield code="d">OCLCL</subfield>
      <subfield code="d">OCLCQ</subfield>
    </datafield>
    <datafield tag="035" ind1=" " ind2=" ">
      <subfield code="a">(OCoLC)980571411</subfield>
    </datafield>
    <datafield tag="041" ind1=" " ind2=" ">
      <subfield code="a">fre</subfield>
    </datafield>
    <datafield tag="100" ind1="1" ind2=" ">
      <subfield code="a">L'Isle, Joseph-Nicolas de,</subfield>
      <subfield code="d">1688-1768.</subfield>
      <subfield code="1">https://id.oclc.org/worldcat/entity/E39PBJrmb88fgCdYjqTp3JRHYP</subfield>
    </datafield>
    <datafield tag="245" ind1="1" ind2="0">
      <subfield code="a">Mappemonde sur la quelle on a marqué les heures et les minutes du tems vrai de l’entrée et de la sortie du centre de Venus sur le disque du soleil dans son passage sur cet astre le 6 Juin 1761, ces tems sont comptez au meridien de Paris /</subfield>
      <subfield code="c">par mr. De l’Isle ...</subfield>
    </datafield>
    <datafield tag="264" ind1=" " ind2="1">
      <subfield code="a">[Paris] :</subfield>
      <subfield code="b">[uitgever niet vastgesteld],</subfield>
      <subfield code="c">1760.</subfield>
    </datafield>
    <datafield tag="300" ind1=" " ind2=" ">
      <subfield code="a">1 krt. :</subfield>
      <subfield code="b">kopergrav., in kleur ;</subfield>
      <subfield code="c">41 x 59 cm</subfield>
    </datafield>
    <datafield tag="336" ind1=" " ind2=" ">
      <subfield code="a">cartografische afbeelding</subfield>
      <subfield code="b">cri</subfield>
      <subfield code="2">rdacontent/dut</subfield>
    </datafield>
    <datafield tag="337" ind1=" " ind2=" ">
      <subfield code="a">zonder medium</subfield>
      <subfield code="b">n</subfield>
      <subfield code="2">rdamedia/dut</subfield>
    </datafield>
    <datafield tag="338" ind1=" " ind2=" ">
      <subfield code="a">vel</subfield>
      <subfield code="b">nb</subfield>
      <subfield code="2">rdacarrier/dut</subfield>
    </datafield>
    <datafield tag="500" ind1=" " ind2=" ">
      <subfield code="a">Met dedicatie: 'Presentée au Roi le 27 Avril 1760 par mr. De l'Isle de l'Academie Royale des Sciences &amp;ca. avec un mémoire servant d'explication à cette carte'.</subfield>
    </datafield>
    <datafield tag="500" ind1=" " ind2=" ">
      <subfield code="a">Wereldkaart voor de zichtbaarheid van de Venusovergang van 6 juni 1761.</subfield>
    </datafield>
    <datafield tag="650" ind1=" " ind2="7">
      <subfield code="a">Wereld.</subfield>
      <subfield code="0">(NL-LeOCL)078957214.</subfield>
      <subfield code="2">gtt</subfield>
    </datafield>
    <datafield tag="650" ind1=" " ind2="7">
      <subfield code="a">Zon.</subfield>
      <subfield code="0">(NL-LeOCL)078968712.</subfield>
      <subfield code="2">gtt</subfield>
    </datafield>
    <datafield tag="650" ind1=" " ind2="7">
      <subfield code="a">Venus (planeet)</subfield>
      <subfield code="0">(NL-LeOCL)078938724.</subfield>
      <subfield code="2">gtt</subfield>
    </datafield>
    <datafield tag="856" ind1="4" ind2="1">
      <subfield code="u">http://objects.library.uu.nl/reader/resolver.php?obj=002336548&amp;type=2</subfield>
      <subfield code="x">Online</subfield>
      <subfield code="z">Map</subfield>
    </datafield>
    <datafield tag="936" ind1=" " ind2=" ">
      <subfield code="a">BATCHLOAD</subfield>
    </datafield>
  </record>